|
|
|
|
| LEADER |
02903nam a22003853i 4500 |
| 001 |
EBC6955946 |
| 003 |
MiAaPQ |
| 005 |
20231204023223.0 |
| 006 |
m o d | |
| 007 |
cr cnu|||||||| |
| 008 |
231204s2017 xx o ||||0 ger d |
| 020 |
|
|
|a 9783839437841
|q (electronic bk.)
|
| 020 |
|
|
|z 9783837637847
|
| 035 |
|
|
|a (MiAaPQ)EBC6955946
|
| 035 |
|
|
|a (Au-PeEL)EBL6955946
|
| 035 |
|
|
|a (OCoLC)982237540
|
| 040 |
|
|
|a MiAaPQ
|b eng
|e rda
|e pn
|c MiAaPQ
|d MiAaPQ
|
| 100 |
1 |
|
|a Conrad, Lisa.
|
| 245 |
1 |
0 |
|a Organisation im soziotechnischen Gemenge :
|b Mediale Umschichtungen durch die Einführung von SAP.
|
| 250 |
|
|
|a 1st ed.
|
| 264 |
|
1 |
|a Bielefeld :
|b transcript,
|c 2017.
|
| 264 |
|
4 |
|c {copy}2017.
|
| 300 |
|
|
|a 1 online resource (211 pages)
|
| 336 |
|
|
|a text
|b txt
|2 rdacontent
|
| 337 |
|
|
|a computer
|b c
|2 rdamedia
|
| 338 |
|
|
|a online resource
|b cr
|2 rdacarrier
|
| 490 |
1 |
|
|a Edition Medienwissenschaft
|
| 505 |
0 |
|
|a Cover -- Inhalt -- 1. Sich mit soziotechnischen Gemengen verwickeln -- 2. Verortung -- 2.1 Disziplinäre Grenzen schwanken -- 2.2 Theorieberichterstattung -- 2.2.1 Medienwissenschaft -- 2.2.2 Akteur-Netzwerk-Theorie -- 2.2.3 Process Organization Studies -- 3. Versuchsanordnung -- 3.1 Epistemisches Ding, technisches Ding, Hybrid -- 3.2 Feldforschung: Verschleppte Entscheidungen -- 3.3 Die Experimentalanordnung -- 3.4 Ein riskanter Bericht über vielfältige Handlungsträger -- 3.5 Implikationen? -- 4. Fall / Feld / Fabrik -- 4.1 Plantafel -- 4.1.1 Die Plantafel als bewegliche Tabelle -- 4.1.2 Planning by doing -- 4.1.3 Kein Störenfried -- 4.1.4 Nur ein paar Kärtchen -- 4.1.5 Nicht-freistehende Maschinen -- 4.2 Papier -- 4.2.1 Papierarbeit ist überall -- 4.2.2 Fliegende und liegende Papiere -- 4.2.3 Wer Ordner hat, hat auch Papier -- 4.3.2 Dokumente als Beweise -- 4.3 System -- 4.3.1 Un_elektronische Datenverarbeitung -- 4.3.2 Enterprise Resource Planning -- 4.3.3 Systemwechsel: Entscheidung und Bedenken -- 4.3.4 Tag X: „Cut Over" -- 4.3.5 Zwei Jahre später: Transparenz, Präzision und Umstände -- 4.3.6 Die Politik des Systems -- 5. Im Gemenge -- 5.1 Infrastruktur -- 5.2 Reparatur -- 5.3 Relationale Transparenz -- 5.4 Dezentriertes Management -- 6. Fazit: Im Gemenge handeln -- Danksagung -- I. Literatur -- II. Abbildungen.
|
| 588 |
|
|
|a Description based on publisher supplied metadata and other sources.
|
| 590 |
|
|
|a Electronic reproduction. Ann Arbor, Michigan : ProQuest Ebook Central, 2023. Available via World Wide Web. Access may be limited to ProQuest Ebook Central affiliated libraries.
|
| 655 |
|
4 |
|a Electronic books.
|
| 776 |
0 |
8 |
|i Print version:
|a Conrad, Lisa
|t Organisation im soziotechnischen Gemenge
|d Bielefeld : transcript,c2017
|z 9783837637847
|
| 797 |
2 |
|
|a ProQuest (Firm)
|
| 830 |
|
0 |
|a Edition Medienwissenschaft
|
| 856 |
4 |
0 |
|u https://ebookcentral.proquest.com/lib/matrademy/detail.action?docID=6955946
|z Click to View
|